000 00281nam a22001217a 4500
008 170906b xxu||||| |||| 00| 0 eng d
041 _aeng
080 _a72
100 _a41
101 _aARK
245 _aROOTS OF CONTEMPORARY AMERICAN ARCHITECTURE
_cMUMFORD,L
942 _2udc
_cBK
999 _c26289
_d26289